| 000 | 01424cam a2200301 i 4500 | ||
|---|---|---|---|
| 001 | 768714001 | ||
| 003 | CO-MdBIC | ||
| 005 | 20231123143926.0 | ||
| 007 | ta | ||
| 008 | 231123t2005 sp ||||| |||| 00| 0 spa d | ||
| 020 | _a84-301-1571-4 | ||
| 040 |
_bspa. _aCO-MdFUSB _cCO-MdFUSB _dCO-MdFUSBC _erda |
||
| 041 | _aspa | ||
| 082 | 0 | 4 | _aG 231.044 H489t |
| 100 | 1 | _aHemmerle, Klaus | |
| 245 | 1 | 0 |
_aTras las huellas de Dios : ontología trinitaria y unidad relacional / Klaus Hemmerle _c/ |
| 264 | 1 |
_aSalamanca : Sígueme _bEdiciones Sígueme, _c[2005] |
|
| 264 | 4 | _c©2005 | |
| 300 |
_a118 p. _c; |
||
| 336 |
_atexto _btxt _2rdacontent |
||
| 337 |
_2rdamedia _asin mediación _bn |
||
| 338 |
_2rdacarrier _avolumen _bnc |
||
| 500 | _aTítulo original: Thesen zu einer trinitarischen ontologie y Das unterscheidend Eine. Bemerkungen zum christlichen Verständnis von Einheit, Aleman. \ Incluye índice general | ||
| 505 | 0 | 0 | _a\I. PARTE: TESIS PARA UNA ONTOLOGÍA TRINITARIA: La nueva ontología como postulado teológico y filosófico -- El enfoque de lo diferenciadoramente cristiano -- Rasgos fundamentales de una ontología trinitaria -- Epílogo. Consecuencias de una ontología trinitaria \ II PARTE: LO UNO DIFERENCIANTE: Observaciones sobre la comprensión cristiana de la unidad -- El mensaje de la unidad -- «Unitas quaerens intellectum¿ |
| 650 | 7 |
_aTrinidad _9177 |
|
| 942 | _cBK | ||
| 945 | _ajohan1477 | ||
| 999 |
_c44326 _d44326 |
||